[Event "ICS rated bullet match"]
[Site "207.99.83.227"]
[Date "1999.03.26"]
[Round "?"]
[White "TDChess"]
[Black "Hossa"]
[Result "1-0"]
[WhiteElo "2559"]
[BlackElo "2445"]
[Annotator "Crafty v16.6"]
[PlyCount "131"]

{annotating for player Hossa using a scoring margin of +0.10 pawns. search
time limit is 12.00} 1. Nf3 1... d5 2. d4 c6 3. Nc3 Bg4 ({9:-0.75} 3... Bg4 4.
Bf4 Qb6 5. Qd3 Bxf3 6. exf3 e5 7. Bxe5 Qxb2 8. Rb1 $16) ({9:-0.56} 3... Nf6 4.
e3 e6 5. Bd3 Bb4 6. O-O O-O 7. Ne5 7... Nbd7 $14) 4. Bf4 e6 5. e3 Bxf3 ({
8:-0.82} 5... Bxf3 6. Qxf3 Nf6 7. Bd3 Bd6 8. O-O O-O 9. Bg5 9... Nbd7 $16) ({
8:-0.56} 5... Bd6 6. Bxd6 Qxd6 7. Be2 Qb4 8. Rb1 Nf6 9. O-O 9... O-O $14) 6.
Qxf3 Nf6 7. Be2 Bb4 8. Qg3 Bxc3+ 9. bxc3 O-O 10. Bh6 Ne8 11. Rb1 Qa5 12. Kd2 b6
13. Ra1 c5 14. Bg5 cxd4 ({8:+0.45} 14... cxd4 15. exd4 Nc6 16. Qd3 Nd6 17. Ke1
Ne4 18. Bd2 Nxd2 19. Qxd2 $15) ({8:+0.81} 14... Nd7 15. Be7 Nef6 16. Bd3 cxd4
17. Bxf8 Qxc3+ 18. Ke2 18... Nxf8 $17) 15. exd4 Nc6 16. Kd1 Rc8 17. a4 f6 ({
8:-0.63} 17... f6 18. Bd2 b5 19. Bxb5 a6 20. Bxc6 Rxc6 21. Ke1 21... Rc4 $14) (
{8:+0.66} 17... a6 18. Bd3 b5 19. Ke2 bxa4 20. Ra3 Rb8 21. Qf4 $15) 18. Bd2 Ne7
({9:-2.07} 18... Ne7 19. c4 Nf5 20. Qg4 Qa6 21. cxd5 b5 22. dxe6 Qxe6 23. axb5
$18) ({9:-1.21} 18... b5 19. Bxb5 Qb6 20. Qh3 Nc7 21. Bd3 f5 22. Ke1 22... Qb2
$16) 19. c4 Qa6 20. cxd5 Qb7 21. dxe6 Qd5 22. Qg4 f5 23. Qf4 Ng6 ({8:-1.47} 
23... Ng6 24. Qe3 f4 25. Qd3 Qxe6 26. Qb3 Qxb3 27. cxb3 27... Nf6 $16) ({
8:-1.15} 23... Qxe6 24. Qe5 Qf7 25. Bf3 Rc4 26. d5 Rc5 27. Be3 $16) 24. Qe3 f4
25. Qd3 Nf6 26. Bb4 Rfe8 27. Bf3 Qc4 ({9:-1.81} 27... Qc4 28. Qxc4 Rxc4 29. c3
Rxe6 30. a5 Ne4 31. Bxe4 Rxe4 32. axb6 axb6 33. Re1 $18) ({9:-0.91} 27... Qxe6
28. Re1 Qd7 29. Rxe8+ Rxe8 30. Qc4+ Re6 31. Kc1 Ne7 32. Bxe7 Qxe7 33. Bd5 Nxd5
34. Qxd5 $16) 28. Qxc4 Rxc4 29. c3 a5 30. Ba3 Rxe6 31. Bb2 Nh4 32. Re1 Rxe1+
33. Kxe1 Nxf3+ 34. gxf3 Kf7 35. Kd2 Ke6 ({11:-1.92} 35... Ke6 36. Kd3 Rc7 37.
c4 Nd7 38. d5+ Kd6 39. Ba3+ Nc5+ 40. Bxc5+ Rxc5 41. Rb1 Kc7 42. Kd4 g5 43. Rd1
$18) ({11:-1.32} 35... Nd5 36. Kd3 Rc6 37. Rg1 Rh6 38. Rg2 Rd6 39. h4 Rc6 40.
Rg5 40... Rd6 $16) 36. Kd3 Kd5 ({10:-2.35} 36... Kd5 37. Bc1 Nd7 38. h4 h6 39.
Bxf4 h5 40. Bg5 Nf6 41. Bxf6 41... gxf6 $18) ({10:-1.94} 36... Rc7 37. c4 Kf5
38. d5 Nd7 39. Bd4 Ne5+ 40. Bxe5 Kxe5 41. Re1+ Kd6 42. Re6+ Kc5 43. h4 $18) 37.
Bc1 g5 ({11:-3.54} 37... g5 38. Rb1 Rxa4 39. Rxb6 Nd7 40. Rb5+ Ke6 41. Rxg5 Ra2
42. Bxf4 Rxf2 43. Rxa5 43... Rxf3+ $18) ({11:-2.46} 37... Nd7 38. h4 Rc6 39.
Bxf4 Rf6 40. c4+ Kc6 41. Ke4 Re6+ 42. Be5 Nxe5 43. d5+ Kd6 44. dxe6 44... Kxe6
$18) 38. Rb1 Rc6 ({11:-4.20} 38... Rc6 39. Rb5+ Ke6 40. Rxg5 h6 41. Re5+ Kd6
42. c4 Nd7 43. Rd5+ Ke7 44. Bxf4 Rf6 45. Ke3 $18) ({11:-3.58} 38... Rxa4 39.
Rxb6 Nd7 40. Ra6 Nc5+ 41. dxc5 Kxc5 42. Bd2 Ra2 43. Rh6 a4 44. Rxh7 $18) 39.
Rb5+ Ke6 40. Rxg5 h6 41. Re5+ Kf7 42. Bxf4 Kg6 ({10:-4.70} 42... Kg6 43. d5 Rd6
44. Kd4 Kf7 45. c4 Nd7 46. Rf5+ Kg6 47. Bxd6 47... Kxf5 $18) ({10:-4.38} 42...
Ne8 43. Be3 Rg6 44. h4 Rf6 45. Rh5 Kg7 46. f4 Nd6 47. Re5 $18) 43. d5 Rd6 44.
Kd4 Rd7 ({11:-5.35} 44... Rd7 45. c4 h5 46. Rg5+ Kh6 47. d6 Rf7 48. Rxa5+ Kg7
49. Rg5+ Kf8 50. Be5 Nd7 51. Rxh5 51... Rxf3 $18) ({11:-4.78} 44... Nd7 45. Rh5
Kxh5 46. Bxd6 Kg6 47. Ke4 Nf6+ 48. Ke5 Ne8 49. c4 Nxd6 50. Kxd6 50... Kf5 $18)
45. c4 Rh7 46. Re6 Kf5 47. h4 h5 48. Be5 Nd7 49. Bc7 Nc5 50. Re5+ Kf6 51. Bd8+
Kg6 52. Bxb6 Nxa4 53. Bxa5 Rf7 54. Rg5+ Kh6 55. Bd2 Rb7 56. d6 Rb2 57. Bf4 Nb6
58. Rb5+ Kg6 59. Rxb2 Nd7 60. c5 Kf5 61. c6 Nf8 62. c7 Kg6 63. c8=Q Kf7 64.
Qf5+ Kg7 65. Rb7+ Kh8 66. Qxf8# 1-0

[Event "ICS Rated blitz match"]
[Site "207.99.83.227"]
[Date "1999.03.26"]
[Round "?"]
[White "Hossa"]
[Black "rb"]
[Result "1-0"]
[WhiteElo "2411"]
[BlackElo "2422"]
[PlyCount "155"]

1. e4 e5 2. Nf3 Nc6 3. Bb5 a6 4. Ba4 Nf6 5. d3 b5 6. Bb3 Bc5 7. a4 bxa4 8. Bxa4
Rb8 9. O-O Rb6 10. Bxc6 dxc6 11. Nxe5 Bd4 12. Nc4 Rb5 13. Nba3 Bg4 14. Qe1 Rh5
15. Nb1 Bc8 16. Qb4 Ng4 17. h3 Nxf2 18. Rxf2 Bxf2+ 19. Kxf2 Qh4+ 20. Kf1 Qf6+
21. Kg1 Rb5 22. Qc3 Rg8 23. Qxf6 gxf6 24. Kh1 f5 25. e5 Rd5 26. Nc3 Rd4 27. Be3
Rh4 28. Ra2 Rg7 29. Ra3 f4 30. Bf2 Rh6 31. e6 f3 32. exf7+ Rxf7 33. h4 fxg2+
34. Kxg2 Rg6+ 35. Bg3 Rf4 36. Ne5 Rg7 37. Ra4 Rxa4 38. Nxa4 Bg4 39. Nc5 Bd1 40.
c4 a5 41. Nxc6 Rf7 42. Nd4 c6 43. Ne4 Rg7 44. Nxc6 a4 45. d4 Bc2 46. Nc5 Rg6
47. d5 Bd1 48. d6 Rg7 49. Ne5 Bg4 50. Nxa4 Bf5 51. Nc5 Kd8 52. d7 Bxd7 53.
Nexd7 Rxd7 54. Nxd7 Kxd7 55. b4 Kc6 56. Bf2 Kd6 57. b5 Kd7 58. c5 Kc7 59. c6
Kd6 60. Bg3+ Kc5 61. c7 Kxb5 62. c8=Q h6 63. Qc6+ Kxc6 64. h5 Kd5 65. Bf4 Ke6
66. Kh3 Kf6 67. Kg4 Kf7 68. Kf5 Kg7 69. Ke6 Kg8 70. Bxh6 Kh7 71. Bg5 Kg7 72.
Ke7 Kg8 73. h6 Kh8 74. Kf8 Kh7 75. Kf7 Kh8 76. Kg6 Kg8 77. h7+ Kf8 78. h8=Q# {
rb checkmated} 1-0

[Event "ICS Rated blitz match"]
[Site "207.99.83.227"]
[Date "1999.03.26"]
[Round "?"]
[White "Hossa"]
[Black "rajah"]
[Result "1/2-1/2"]
[WhiteElo "2428"]
[BlackElo "2492"]
[PlyCount "178"]

1. e4 c5 2. Bc4 e6 3. Nc3 a6 4. a4 Nf6 5. e5 d5 6. exd6 Bxd6 7. Nf3 Nc6 8. O-O
O-O 9. d3 Qb6 10. Bg5 Qxb2 11. Bxf6 gxf6 12. Ne4 Be7 13. Qd2 f5 14. Rab1 Qg7
15. Ng3 Ra7 16. Rfe1 Bd7 17. Nh5 Qg4 18. Ng3 Bd6 19. h3 Qg6 20. Ne2 Nd4 21.
Nexd4 cxd4 22. Nxd4 Qf6 23. c3 Be5 24. a5 Bxd4 25. cxd4 Qxd4 26. Rb6 Rc8 27.
Rb4 Qc5 28. Qg5+ Kf8 29. Qh6+ Ke8 30. Reb1 Qxa5 31. Qxh7 b5 32. Qh8+ Ke7 33.
Qh4+ f6 34. Bb3 e5 35. Qh7+ Kd6 36. Qh4 Kc7 37. Bc4 Qb6 38. d4 Qxd4 39. Qxd4
exd4 40. Bd3 Kd6 41. Rxd4+ Ke5 42. Rh4 Rc3 43. Re1+ Kd6 44. Rd1 Kc7 45. Rh7 Kb6
46. h4 Be6 47. Rxa7 Kxa7 48. f3 b4 49. Bxa6 b3 50. Bf1 b2 51. Rb1 Rc2 52. Bd3
Rd2 53. Kh2 Ba2 54. Rxb2 Rxb2 55. Bxf5 Bf7 56. Kh3 Rb5 57. Bd3 Re5 58. Kg4 Rd5
59. Be4 Rh5 60. g3 Kb6 61. Bf5 Kc5 62. Be6 Bg6 63. Kf4 Kd6 64. Bc4 Rc5 65. Ba6
Ra5 66. Be2 Re5 67. Bf1 Re1 68. Bc4 Kc5 69. Ba6 Kb6 70. Bc4 Rc1 71. Bg8 Rc8 72.
Be6 Rc6 73. Bh3 Rc4+ 74. Ke3 f5 75. g4 Rc3+ 76. Kf4 fxg4 77. Bxg4 Rc5 78. Kg3
Kb7 79. f4 Ka7 80. f5 Bxf5 81. Bxf5 Rxf5 82. Kg4 Rf2 83. h5 Kb6 84. h6 Rh2 85.
Kg5 Kc5 86. Kg6 Rg2+ 87. Kh7 Kd4 88. Kh8 Kd3 89. h7 89... Rg6 {Hossa stalemated
} 1/2-1/2

[Event "ICS rated blitz match"]
[Site "207.99.83.227"]
[Date "1999.03.26"]
[Round "?"]
[White "rb"]
[Black "Hossa"]
[Result "1/2-1/2"]
[WhiteElo "2402"]
[BlackElo "2418"]
[PlyCount "139"]

1. e4 d6 2. d4 Nf6 3. Nc3 c6 4. f4 d5 5. e5 Ne4 6. Nxe4 dxe4 7. c3 e6 8. g3 c5
9. Be3 cxd4 10. Qa4+ Nc6 11. Bxd4 e3 12. Rd1 Bd7 13. Bxe3 Nxe5 14. Qb3 Nc6 15.
Nf3 Qc7 16. Qc4 Be7 17. Ne5 Rd8 18. Bg2 Bf6 19. Ng4 Be7 20. Bd4 O-O 21. O-O b5
22. Qb3 Nxd4 23. cxd4 Rc8 24. Ne5 Bd6 25. Qd3 Be8 26. Be4 f5 27. Bh1 Bxe5 28.
fxe5 Qa5 29. a3 Qb6 30. Rc1 Rd8 31. Rfd1 b4 32. Rc5 Kh8 33. Bf3 f4 34. Be4 fxg3
35. hxg3 h6 36. Rf1 Rxf1+ 37. Qxf1 Bh5 38. Qc4 bxa3 39. bxa3 Bf7 40. Qc3 h5 41.
a4 g6 42. a5 Qb8 43. Rc7 Rf8 44. Rb7 Qd8 45. Qd2 h4 46. Rxa7 hxg3 47. Bxg6 Kg7
48. Rxf7+ Rxf7 49. Bxf7 Kxf7 50. Qf4+ Ke8 51. Qg4 Qd5 52. a6 Qa2 53. Qg8+ Ke7
54. Qxg3 Qxa6 55. Qg7+ Ke8 56. Qg8+ Ke7 57. Qh7+ Kd8 58. Kf2 Qa2+ 59. Ke3 Qd5
60. Qg8+ Ke7 61. Qg7+ Ke8 62. Qg6+ Kf8 63. Qh7 Qb3+ 64. Kf4 Qd5 65. Qh8+ Ke7
66. Qg7+ Ke8 67. Qg8+ Ke7 68. Qg7+ Ke8 69. Qg8+ Ke7 70. Qg7+ {
Game drawn by repetition} 1/2-1/2

[Event "ICS Rated blitz match"]
[Site "207.99.83.227"]
[Date "1999.03.26"]
[Round "?"]
[White "Hossa"]
[Black "rajah"]
[Result "0-1"]
[WhiteElo "2417"]
[BlackElo "2502"]
[Annotator "Crafty v16.6"]
[PlyCount "111"]

{annotating for player Hossa using a scoring margin of +0.10 pawns. search
time limit is 12.00} 1. e4 1... e6 2. d4 d5 3. e5 ({8:-0.14} 3. e5 3... Nc6 4.
Nf3 Bd7 5. Be2 Qe7 6. O-O 6... O-O-O $10) ({8:+0.11} 3. Nc3 3... dxe4 4. Nxe4
Qd5 5. Qd3 Nc6 6. Nf3 Bb4+ 7. c3 7... Ba5 $10) 3... c5 4. Nf3 cxd4 5. Nxd4 Bd7
6. Be2 ({7:+0.21} 6. Be2 6... Nc6 7. Nxc6 Bxc6 8. O-O Bc5 9. Bh5 9... Ne7 $10)
({7:+0.34} 6. Nb5 6... Nc6 7. Nd6+ Bxd6 8. exd6 Nf6 9. Bd3 Qa5+ 10. Bd2 10...
Qc5 $14) 6... Qc7 7. Bf4 ({9:+0.26} 7. Bf4 7... Bc5 8. Nb3 Bb4+ 9. c3 Be7 10.
O-O Nc6 11. c4 dxc4 12. Bxc4 12... Nxe5 $10) ({9:+0.37} 7. Nb5 7... Bxb5 8.
Bxb5+ Nc6 9. Bf4 Qa5+ 10. Nc3 Ba3 11. Bc1 Qb4 12. Rb1 $14) 7... Qb6 8. Nb3 Qc7
9. O-O Nc6 10. Bb5 Nxe5 11. Bxd7+ Kxd7 12. Nc3 Ne7 13. Re1 f6 14. Bxe5 fxe5 15.
Qh5 Ng6 16. Qg4 Nf4 17. Re3 ({8:-0.09} 17. Re3 17... Be7 18. Rd1 h5 19. Qg3
Rag8 20. Rde1 20... e4 $10) ({8:+0.14} 17. Nb5 17... Qb8 18. Qg5 h6 19. Qxe5
Qxe5 20. Rxe5 Bd6 21. Re3 $10) 17... h5 18. Qd1 Bd6 19. Nb5 Qb6 20. Nxd6 ({
8:-0.40} 20. Nxd6 20... Qxd6 21. Qe1 Rhc8 22. Rc1 e4 23. Qa5 Ke8 24. Qb5+ 24...
Qd7 $15) ({8:-0.27} 20. a4 20... a6 21. Nxd6 Qxd6 22. Qe1 Rac8 23. Rc1 e4 24.
Qa5 $10) 20... Qxd6 21. Qe1 Rac8 22. Rc1 e4 23. Rg3 ({8:-0.80} 23. Rg3 23...
Qe5 24. Qe3 Ke8 25. Kf1 a6 26. Kg1 26... Rf8 $17) ({8:-0.45} 23. Qa5 23... a6
24. Qa4+ Ke7 25. Qd4 e5 26. Qd2 Rhf8 27. c3 $15) 23... Qe5 24. Qe3 Rhf8 25. Kh1
({8:-1.24} 25. Kh1 25... Qxb2 26. Qxa7 Nd3 27. Qxb7+ Kd6 28. Qb6+ Ke5 29. Rf1
29... Rxc2 $17) ({8:-1.04} 25. c3 25... h4 26. Rg4 h3 27. Rc2 Nxg2 28. Qxa7
28... Kc7 $17) 25... Qxb2 26. Qxa7 Nd3 27. Qxb7+ Kd6 28. Qb6+ ({7:-1.40} 28.
Qb6+ 28... Rc6 29. Qb7 Rxf2 30. Qb8+ Kd7 31. Qa7+ Rc7 32. Qa4+ Ke7 33. cxd3
Rxc1+ 34. Nxc1 34... Qxc1+ $17) ({7:-0.57} 28. Rg6 28... Nxc1 29. Qb6+ Rc6 30.
Qb4+ Kc7 31. Qxf8 Rxc2 32. Rxg7+ 32... Kb6 $15) 28... Rc6 29. Qxc6+ ({7:-2.12} 
29. Qxc6+ 29... Kxc6 30. cxd3+ Kd6 31. dxe4 Rxf2 32. h3 Qxa2 33. Nc5 $19) ({
7:-1.66} 29. Qb7 29... Nc5 30. Qxg7 Qxg7 31. Rxg7 Rxf2 32. Rh7 Nxb3 33. axb3
Rfxc2 34. Rxc2 Rxc2 35. Rxh5 $19) 29... Kxc6 30. cxd3+ Kd6 31. dxe4 Rxf2 32.
Kg1 ({8:-3.53} 32. Kg1 32... Rf4 33. h3 Rxe4 34. Rc8 Re1+ 35. Kh2 h4 36. Rf3
36... Qxa2 $19) ({8:-2.39} 32. Rg1 32... dxe4 33. a4 h4 34. Rh3 g5 35. Re3
35... Qe5 $19) 32... Rf4 33. Rf1 Rxf1+ 34. Kxf1 Qb1+ 35. Ke2 Qxe4+ 36. Kd2 ({
10:-4.32} 36. Kd2 36... Qf4+ 37. Ke1 h4 38. Rh3 Qe4+ 39. Kf2 Qc2+ 40. Kf3 Qxa2
41. Nd4 Qa3+ 42. Kg4 42... Qc5 $19) ({10:-4.07} 36. Kd1 36... Qa4 37. Rxg7 Qxa2
38. Rg3 h4 39. Rh3 Qxg2 40. Rxh4 40... e5 $19) 36... Qf4+ 37. Kc2 g5 38. Nd2 h4
39. Rh3 Qg4 40. Rd3 Qxg2 41. h3 g4 42. hxg4 h3 43. Rb3 h2 44. Rb6+ Kc7 45. Rb1
Qxg4 46. a4 Qf5+ 47. Kb2 Qxb1+ 48. Nxb1 h1=Q 49. Nc3 d4 50. Nb5+ Kb6 51. Nxd4
Qh8 52. Kc3 Kc5 53. Kd2 Qxd4+ 54. Ke2 Qxa4 55. Kf2 Qc2+ 56. Kg1 0-1

[Event "ICS Rated blitz match"]
[Site "207.99.83.227"]
[Date "1999.03.26"]
[Round "?"]
[White "rajah"]
[Black "Hossa"]
[Result "1/2-1/2"]
[WhiteElo "2514"]
[BlackElo "2405"]
[PlyCount "113"]

1. d4 Nf6 2. c4 g6 3. Nc3 Bg7 4. e4 d6 5. f4 O-O 6. Nf3 c5 7. dxc5 dxc5 8. Bd3
Nh5 9. f5 Bxc3+ 10. bxc3 Qa5 11. Qc2 gxf5 12. exf5 Nc6 13. g4 Nf6 14. g5 Ne8
15. Bf4 Nd4 16. Nxd4 cxd4 17. Bd2 Qe5+ 18. Kf1 dxc3 19. Re1 Qd6 20. Bxc3 Qc6
21. Kf2 Qc5+ 22. Kg2 Nc7 23. Re5 Qc6+ 24. Be4 Qxc4 25. Ba5 Qxc2+ 26. Bxc2 b6
27. Be4 bxa5 28. Rc1 Rb8 29. Rxc7 Rb2+ 30. Kg3 Rxa2 31. Rxa7 e6 32. Raxa5 Rxa5
33. Rxa5 exf5 34. Bxf5 Bxf5 35. Rxf5 Kg7 36. Rf6 Re8 37. Rd6 Re6 38. Rxe6 fxe6
39. h4 h6 40. gxh6+ Kxh6 41. Kf2 Kh7 42. Ke3 Kh8 43. h5 Kg8 44. Kf2 Kh8 45. Kg2
Kg8 46. Kh3 Kh8 47. Kg4 Kg8 48. h6 Kh8 49. Kf3 Kg8 50. Ke2 Kh8 51. Kd1 Kg8 52.
Kc1 Kh8 53. Kb1 Kg8 54. Kb2 Kh8 55. Kb1 Kg8 56. Kb2 Kh8 57. Kb1 {
Game drawn by repetition} 1/2-1/2

[Event "ICS Rated blitz match"]
[Site "207.99.83.227"]
[Date "1999.03.26"]
[Round "?"]
[White "Hossa"]
[Black "rajah"]
[Result "0-1"]
[WhiteElo "2410"]
[BlackElo "2509"]
[Annotator "Crafty v16.6"]
[PlyCount "104"]

{annotating for player Hossa using a scoring margin of +0.10 pawns. search
time limit is 12.00} 1. e4 1... e5 2. Nf3 Nc6 3. Bb5 a6 4. Ba4 ({9:-0.15} 4.
Ba4 4... Bc5 5. O-O Nge7 6. c3 O-O 7. d4 Bd6 8. Bg5 $10) ({9:+0.11} 4. Bxc6
4... dxc6 5. Nc3 Qd6 6. d4 exd4 7. Nxd4 c5 8. Nf5 Qxd1+ 9. Kxd1 Ne7 10. Re1 $10
) 4... d6 5. Bxc6+ bxc6 6. O-O ({9:-0.15} 6. O-O 6... Bg4 7. c3 Nf6 8. d3 c5 9.
b4 d5 10. Bb2 dxe4 11. dxe4 Qxd1 12. Rxd1 12... Nxe4 $10) ({9:+0.36} 6. d4 6...
exd4 7. Qxd4 Bg4 8. Qc3 Qd7 9. O-O Nf6 10. Nd4 10... c5 $14) 6... g5 7. d4 g4
8. Ne1 exd4 9. Qxd4 Qf6 10. Qc3 ({8:+0.60} 10. Qc3 10... Qxc3 11. Nxc3 Bg7 12.
Bd2 Nf6 13. e5 dxe5 14. Rd1 $14) ({8:+0.81} 10. Qb4 10... Bg7 11. Nc3 Qe7 12.
Be3 Qe6 13. Na4 13... Ne7 $16) 10... Bb7 11. f3 ({9:+0.47} 11. f3 11... Bg7 12.
Qa5 Qd8 13. Bg5 Qc8 14. Nc3 gxf3 15. Nxf3 15... Nf6 $14) ({9:+1.20} 11. Qb4
11... O-O-O 12. Nc3 Bg7 13. Ne2 c5 14. Qa4 Qe5 15. Ng3 $16) 11... Bg7 12. Qd3 (
{8:+0.13} 12. Qd3 12... Qh4 13. fxg4 Qxg4 14. Nc3 Ne7 15. Rf4 Qe6 16. Be3 $10)
({8:+0.49} 12. Qa5 12... Qd4+ 13. Kh1 Qb6 14. Qxb6 cxb6 15. fxg4 Ne7 16. Nc3
Bxc3 17. bxc3 $14) 12... Qe6 13. fxg4 ({8:+0.00} 13. fxg4 13... Nf6 14. Nc3
Nxg4 15. Bf4 Ne5 16. Bxe5 Bxe5 17. Rd1 $10) ({8:+0.24} 13. Nc3 13... Ne7 14.
fxg4 Qxg4 15. Qc4 Qe6 16. Qb4 Bxc3 17. Qxb7 $10) 13... Qxg4 14. Nc3 Ne7 15. Bd2
O-O 16. Rd1 ({8:-0.13} 16. Rd1 16... c5 17. Rf4 Qe6 18. Qe2 Ng6 19. Rg4 Bd4+
20. Kf1 Bxc3 21. Bxc3 21... Qxa2 $10) ({8:+0.10} 16. Rf4 16... Qe6 17. Nf3 Rae8
18. Nd4 Qe5 19. Be3 19... Ng6 $10) 16... c5 17. Rf4 Qe6 18. Nf3 ({7:-0.84} 18.
Nf3 18... Ng6 19. Ng5 Nxf4 20. Nxe6 Nxd3 21. Nxf8 21... Nxb2 $17) ({7:-0.57} 
18. Rh4 18... Ng6 19. Rh5 Bxc3 20. Qxc3 Qg4 21. Qf3 Qxe4 22. Qxe4 22... Bxe4
$15) 18... Ng6 19. Ng5 ({9:-2.00} 19. Ng5 19... Nxf4 20. Bxf4 Qg4 21. Qf3 Qxf3
22. gxf3 Bxc3 23. bxc3 h6 24. Nh3 $19) ({9:-0.52} 19. Rf5 19... Bxc3 20. Qxc3
Bxe4 21. Bh6 f6 22. Rh5 Rfe8 23. a4 23... Ne5 $15) 19... Nxf4 20. Bxf4 Qg6 21.
e5 ({7:-2.38} 21. e5 21... dxe5 22. Be3 c4 23. Qxg6 hxg6 24. Rd7 24... Rac8 $19
) ({7:-2.13} 21. Re1 21... Bxc3 22. bxc3 h6 23. Nf3 Rfe8 24. Nd2 24... Qe6 $19)
21... dxe5 22. Qxg6 ({8:-2.91} 22. Qxg6 22... hxg6 23. Bd2 Rad8 24. Nge4 Bxe4
25. Nxe4 Bh6 26. Kf2 f5 27. Bxh6 Rxd1 28. Bxf8 Kxf8 29. Nxc5 $19) ({8:-2.54} 
22. Bc1 22... Bh6 23. Nce4 Bxe4 24. Nxe4 Bxc1 25. Rxc1 Rad8 26. Qe3 26... c4
$19) 22... hxg6 23. Be3 Bh6 24. Rd7 f6 25. Bxc5 ({10:-3.96} 25. Bxc5 25... Bxg5
26. Bxf8 Rxf8 27. Rxc7 Rf7 28. Rc4 Rd7 29. Ne4 Rd1+ 30. Kf2 30... Bd5 $19) ({
10:-3.01} 25. Rxc7 25... Rab8 26. Rxc5 Rfc8 27. Ra5 Re8 28. h4 fxg5 29. hxg5
29... Bg7 $19) 25... Bxg5 26. Bxf8 Kxf8 27. Rxc7 Ra7 28. Kf2 f5 29. Nd5 Bd8 30.
Rc5 ({10:-3.60} 30. Rc5 30... Ra8 31. c4 Rc8 32. Rxc8 Bxc8 33. b3 Bb7 34. Ne3
Bh4+ 35. g3 35... Bg5 $19) ({10:-3.34} 30. Rd7 30... Ke8 31. Rd6 Bxd5 32. Rxd5
Bf6 33. Rd6 Ke7 34. Rc6 e4 35. Ke3 $19) 30... e4 31. c4 f4 32. Ke2 ({11:-3.45} 
32. Ke2 32... Bxd5 33. Rxd5 Bf6 34. b4 Ke7 35. Ra5 Bc3 36. Rg5 Kf6 37. Rg4
37... Kf5 $19) ({11:-2.61} 32. Nxf4 32... Bb6 33. Ke2 Bxc5 34. Ne6+ Ke7 35.
Nxc5 a5 36. Ke3 Kd6 37. Nxe4+ Ke5 38. Nc5 38... Bxg2 $19) 32... Bxd5 33. Rxd5
Bf6 34. b3 ({9:-3.49} 34. b3 34... Ke7 35. Ra5 Bc3 36. b4 Ke6 37. Rg5 Rg7 38.
a3 $19) ({9:-3.37} 34. b4 34... Rb7 35. a3 Ke7 36. Rc5 Rb6 37. Rd5 Ke6 38. Kd2
$19) 34... a5 35. a3 ({9:-4.04} 35. a3 35... Rb7 36. Rb5 Rxb5 37. cxb5 Ke7 38.
a4 Kd6 39. Kd2 39... Bd4 $19) ({9:-3.63} 35. Kd2 35... Rh7 36. h3 Rh5 37. Rd6
Ke7 38. Rc6 Rg5 39. Rc7+ 39... Kd6 $19) 35... a4 36. Rb5 ({10:-4.77} 36. Rb5
36... axb3 37. Rxb3 Be7 38. Rb8+ Kf7 39. g3 Bd6 40. Rh8 f3+ 41. Ke3 Kg7 42. Re8
$19) ({10:-3.73} 36. b4 36... Bb2 37. b5 Bxa3 38. b6 Rb7 39. c5 Bb2 40. Rd6
40... Kf7 $19) 36... axb3 37. Rxb3 Be7 38. g3 ({10:-7.07} 38. g3 38... f3+ 39.
Rxf3+ exf3+ 40. Kxf3 Ra4 41. Ke2 Rxc4 42. a4 Re4+ 43. Kd2 Rxa4 44. h3 44... Kf7
$19) ({10:-5.51} 38. Rb8+ 38... Kf7 39. g3 f3+ 40. Ke3 Bc5+ 41. Kxe4 f2 42. Rb1
Re7+ 43. Kd5 Re1 44. Rb5 f1=Q 45. Rxc5 $19) 38... f3+ 39. Ke3 ({9:-9.67} 39.
Ke3 39... Rxa3 40. Rxa3 Bxa3 41. Kf2 Bc5+ 42. Ke1 e3 43. h3 e2 44. g4 Bb4+ 45.
Kf2 e1=Q+ 46. Kxf3 $19) ({9:-6.96} 39. Rxf3+ 39... exf3+ 40. Kxf3 Ra4 41. Ke3
Rxc4 42. Ke2 Bc5 43. h3 Bxa3 44. Kf3 $19) 39... Rxa3 40. Rxa3 Bxa3 41. h4 ({
10:-11.04} 41. h4 41... Bc5+ 42. Kxe4 f2 43. Kd5 Be7 44. h5 gxh5 45. Kc6 h4 46.
gxh4 Bxh4 47. c5 $19) ({10:-10.06} 41. g4 41... Bc5+ 42. Kxe4 f2 43. Kd5 Ba3
44. Kc6 f1=Q 45. Kb5 Qb1+ 46. Kc6 Qe4+ 47. Kb5 47... Qxg4 $19) 41... Bc5+ 42.
Kxe4 f2 43. Kd5 Ba3 44. h5 ({9:-13.25} 44. h5 44... gxh5 45. c5 f1=Q 46. Ke5
Bxc5 47. Kd5 $19) ({9:-12.31} 44. Kd4 44... f1=Q 45. c5 Qg1+ 46. Kd5 Qxc5+ 47.
Ke4 Qf5+ 48. Ke3 Bd6 49. g4 49... Qxg4 $19) 44... f1=Q 45. hxg6 Qf5+ 46. Kc6
Qxg6+ 47. Kd5 Qd3+ 48. Ke5 Bd6+ 49. Kf6 Qf3+ 50. Ke6 Bxg3 51. Kd7 Qb7+ 52. Ke6
Qf7# 0-1

[Event "ICS Rated blitz match"]
[Site "207.99.83.227"]
[Date "1999.03.26"]
[Round "?"]
[White "Pepiton"]
[Black "Hossa"]
[Result "0-1"]
[WhiteElo "2213"]
[BlackElo "2406"]
[PlyCount "50"]

1. d4 Nf6 2. Bg5 d5 3. Nf3 Bg4 4. e3 Bxf3 5. Qxf3 Ne4 6. Bf4 Nd7 7. Bd3 Ndf6 8.
O-O e6 9. c4 Bb4 10. Rd1 O-O 11. a3 Bd6 12. Nd2 Bxf4 13. Qxf4 Nxd2 14. Rxd2
dxc4 15. Bxc4 Qd6 16. Qh4 Rad8 17. Rad1 Qc6 18. Bd3 Rd5 19. g4 h6 20. f4 Rd7
21. g5 Ne4 22. gxh6 Nxd2 23. Rxd2 Qc1+ 24. Bf1 Qxd2 25. Qg3 25... f5 {
Pepiton resigns} 0-1

[Event "ICS rated blitz match"]
[Site "207.99.83.227"]
[Date "1999.03.26"]
[Round "?"]
[White "Hossa"]
[Black "j724"]
[Result "1-0"]
[WhiteElo "2386"]
[BlackElo "2182"]
[PlyCount "41"]

1. e4 d6 2. d4 Nf6 3. Nc3 c6 4. f4 Qa5 5. Bd3 e5 6. dxe5 dxe5 7. fxe5 Qxe5 8.
Nf3 Qa5 9. Bg5 Be7 10. Qd2 O-O 11. e5 Nd5 12. Nxd5 Qxd2+ 13. Nxd2 Bxg5 14. Nc7
Nd7 15. Nxa8 Nxe5 16. Ne4 Nxd3+ 17. cxd3 Bf4 18. O-O Be5 19. Kh1 Bg4 20. Rae1
Rxa8 21. Nf2 {j724 resigns} 1-0

[Event "ICS rated blitz match"]
[Site "207.99.83.227"]
[Date "1999.03.26"]
[Round "?"]
[White "Hossa"]
[Black "brutus"]
[Result "1-0"]
[WhiteElo "2394"]
[BlackElo "2181"]
[PlyCount "58"]

1. e4 e6 2. d4 d5 3. e5 Nd7 4. Nf3 Ne7 5. Bd3 c5 6. c3 Nc6 7. O-O cxd4 8. cxd4
Nb6 9. Bg5 Be7 10. Bxe7 Qxe7 11. Nbd2 Nb4 12. Bb1 Bd7 13. a3 Na6 14. Bd3 Nc7
15. a4 Bc6 16. Qc2 g6 17. a5 Nd7 18. a6 Nb6 19. Rfc1 Rc8 20. axb7 Bxb7 21. Rxa7
Nca8 22. Bb5+ Kf8 23. Qd1 Kg7 24. Bc6 Rb8 25. Nb3 Rhc8 26. Na5 Rc7 27. Bxb7 Nc4
28. Rxa8 Rbxb7 29. Nxb7 29... Rxb7 {brutus resigns} 1-0

[Event "ICS rated blitz match"]
[Site "207.99.83.227"]
[Date "1999.03.26"]
[Round "?"]
[White "brutus"]
[Black "Hossa"]
[Result "0-1"]
[WhiteElo "2174"]
[BlackElo "2401"]
[PlyCount "168"]

1. e4 d6 2. d4 Nf6 3. Nc3 c6 4. Bg5 Nbd7 5. Qd2 d5 6. e5 h6 7. Bh4 Nh7 8. f4
Nb6 9. Nf3 Kd7 10. f5 Kc7 11. e6 fxe6 12. Bg3+ Kd7 13. fxe6+ Kxe6 14. Bd3 Nf6
15. Ne5 Nbd7 16. Qf4 Nxe5 17. dxe5 Kf7 18. exf6 exf6 19. O-O-O Be7 20. h4 Re8
21. h5 Kg8 22. Bg6 Rf8 23. Rhe1 Bd7 24. Qc7 Qxc7 25. Bxc7 Bb4 26. a3 Bxc3 27.
bxc3 Be8 28. Re7 Bxg6 29. hxg6 Rfe8 30. Rde1 Rxe7 31. Rxe7 h5 32. Bg3 b6 33.
Kd2 a6 34. Ke3 a5 35. Kf4 Rb8 36. Kf5 Ra8 37. Ke6 b5 38. Bh4 Kf8 39. Rf7+ Kg8
40. Bg3 Rd8 41. Rd7 Re8+ 42. Re7 Ra8 43. Kd6 Rc8 44. Kc5 Kf8 45. Bd6 Kg8 46.
Rc7 Rd8 47. Rxc6 f5 48. Kxd5 h4 49. Kc5 f4 50. Bxf4 Rf8 51. Be5 Re8 52. Kd5 Kh8
53. Rc7 Kg8 54. Rxg7+ Kf8 55. Rf7+ Kg8 56. Rb7 Rd8+ 57. Rd7 Rxd7+ 58. Kc6 Re7
59. Bd4 Re2 60. Bf6 Re6+ 61. Kxb5 Rxf6 62. c4 Rxg6 63. c5 Rxg2 64. c4 Rg7 65.
c6 h3 66. Kb6 h2 67. c7 Rxc7 68. Kxc7 h1=Q 69. c5 Qc1 70. c6 Qxa3 71. Kb7 Qe7+
72. Kb8 Qd6+ 73. c7 Kf7 74. Ka8 Qc6+ 75. Kb8 Ke6 76. c8=Q+ Qxc8+ 77. Kxc8 a4
78. Kc7 Kd5 79. Kb6 a3 80. Kb5 a2 81. Kb4 a1=Q 82. Kb3 Kd4 83. Kc2 Qa2+ 84. Kd1
84... Kd3 {brutus resigns} 0-1

[Event "ICS rated blitz match"]
[Site "207.99.83.227"]
[Date "1999.03.26"]
[Round "?"]
[White "Hossa"]
[Black "brutus"]
[Result "1-0"]
[WhiteElo "2408"]
[BlackElo "2167"]
[PlyCount "73"]

1. e4 e6 2. Nf3 d5 3. exd5 exd5 4. Bb5+ Bd7 5. Bxd7+ Qxd7 6. Ne5 Qe6 7. O-O Bd6
8. Nf3 Ne7 9. Re1 Qf6 10. d4 Nd7 11. Nc3 c6 12. Bg5 Qf5 13. Bxe7 Bxe7 14. Re3
Kf8 15. Ne5 Nxe5 16. Rxe5 Qd7 17. Qd3 Bf6 18. Re3 g6 19. Rf1 Kg7 20. Ne2 Rhe8
21. Rf3 Be7 22. Rg3 Bd6 23. Rh3 Re7 24. Qd2 h5 25. Ng3 Bxg3 26. fxg3 Rae8 27.
Qg5 Qe6 28. Rxh5 Qe3+ 29. Qxe3 Rxe3 30. Rh4 Re2 31. Rhf4 R8e7 32. R4f2 R7e4 33.
Rxf7+ Kg8 34. h4 Rxc2 35. Rf8+ Kg7 36. R1f7+ Kh6 37. Rh8# {brutus checkmated}
1-0

[Event "ICS rated blitz match"]
[Site "207.99.83.227"]
[Date "1999.03.26"]
[Round "?"]
[White "Hossa"]
[Black "Rufsetufs"]
[Result "1-0"]
[WhiteElo "2414"]
[BlackElo "2198"]
[PlyCount "29"]

1. e4 c5 2. Bc4 e6 3. Nc3 a6 4. a4 Nc6 5. Nf3 Nd4 6. O-O Ne7 7. Nxd4 cxd4 8.
Ne2 d5 9. exd5 exd5 10. Bd3 Nc6 11. Nf4 Be7 12. Qh5 Nb4 13. Re1 g6 14. Bxg6
fxg6 15. Nxg6 {Rufsetufs resigns} 1-0